ARRUPE JESUIT UNIVERSITY

CORONAVIRUS -STOP THE SPREAD - CLEAN,DISINFECT,COVER

Scientific reasoning: the Bayesian approach (Record no. 131120)

MARC details
000 -LEADER
fixed length control field 00561nam a22001697a 4500
008 - FIXED-LENGTH DATA ELEMENTS--GENERAL INFORMATION
fixed length control field 211111b ||||| |||| 00| 0 eng d
020 ## - INTERNATIONAL STANDARD BOOK NUMBER
International Standard Book Number 0812690850
050 ## - LIBRARY OF CONGRESS CALL NUMBER
Classification number Q175.H87 1988
100 ## - MAIN ENTRY--PERSONAL NAME
Personal name Howson, Colin and Urbach, Peter
9 (RLIN) 51008
245 ## - TITLE STATEMENT
Title Scientific reasoning: the Bayesian approach
Statement of responsibility, etc /by Colin Howson and Peter Urbach
260 ## - PUBLICATION, DISTRIBUTION, ETC. (IMPRINT)
Place of publication, distribution, etc Illinois:
Name of publisher, distributor, etc Open Court,
Date of publication, distribution, etc 1989.
300 ## - PHYSICAL DESCRIPTION
Extent xii, 312p.;
Dimensions 23cm.
650 ## - SUBJECT ADDED ENTRY--TOPICAL TERM
Topical term or geographic name as entry element Science
General subdivision Philosophy
650 ## - SUBJECT ADDED ENTRY--TOPICAL TERM
Topical term or geographic name as entry element Reasoning
9 (RLIN) 12415
650 ## - SUBJECT ADDED ENTRY--TOPICAL TERM
Topical term or geographic name as entry element Bayesian statistical decision theory
9 (RLIN) 19240
942 ## - ADDED ENTRY ELEMENTS (KOHA)
Source of classification or shelving scheme Library of Congress Classification
Item type Monograph ( Printed materials)
Holdings
Withdrawn status Lost status Source of classification or shelving scheme Damaged status Not for loan Collection code Home library Current library Shelving location Date acquired Total Checkouts Full call number Barcode Date last seen Copy number Price effective from Koha item type
    Library of Congress Classification     Main Collection ARRUPE LIBRARY ARRUPE LIBRARY Main Collection 11/11/2021   Q175.H87 1988 46600007120 11/11/2021 1 11/11/2021 Monograph ( Printed materials)

 

Arrupe Library. PO Box MP320 Mt Pleasant, Harare, Zimbabwe
263 242 745411|librarian@aju.ac.zw